[Event "10th Chennai Open 2018"]
[Site "Chennai IND"]
[Date "2018.01.22"]
[Round "7.9"]
[White "Sivuk, Vitaly"]
[Black "Praveen, Kumar C"]
[Result "1-0"]
[WhiteTitle "GM"]
[BlackTitle "IM"]
[WhiteElo "2550"]
[BlackElo "2241"]
[WhiteFideId "14116502"]
[BlackFideId "5007372"]
[EventDate "2018.01.18"]

1. Nf3 e6 2. c4 f5 3. g3 Nf6 4. Bg2 Be7 5. O-O O-O 6. d4 d6 7. Nc3 Qe8 8. Re1
Ne4 9. Nxe4 fxe4 10. Nd2 d5 11. f3 exf3 12. exf3 Nc6 13. f4 Nxd4 14. cxd5 exd5
15. Nb3 Nxb3 16. Qxd5+ Kh8 17. Qxb3 Bc5+ 18. Be3 Qh5 19. Bxc5 Qxc5+ 20. Qe3 Qb4
21. Rac1 Bd7 22. Qf2 Rae8 23. a3 Qb5 24. Rxe8 Rxe8 25. Rxc7 Bc6 26. Bxc6 bxc6
27. Qe3 Qh5 28. Re7 Qd1+ 29. Kg2 Qc2+ 30. Kh3 Rxe7 31. Qxe7 h6 32. Qe5 a6 33. f5
Qd3 34. Kh4 Qc2 35. g4 Kh7 36. b4 Qd2 37. Kh3 Qd3+ 38. Qg3 Qe4 39. Qc3 h5 40.
Qg3 hxg4+ 41. Qxg4 Qd3+ 42. Kh4 Qxa3 43. Qe4 Kh8 44. Kg5 Qc3 45. Qh4+ Kg8 46.
Kg6 Qd2 47. Qh7+ Kf8 48. Qxg7+ Ke8 49. Qe5+ Kd7 50. Qe6+ Kc7 51. Qe7+ Kb6 52. h4 1-0

[Event "10th Chennai Open 2018"]
[Site "Chennai IND"]
[Date "2018.01.22"]
[Round "7.10"]
[White "Karthikeyan, P."]
[Black "Maheswaran, P."]
[Result "1-0"]
[WhiteTitle "IM"]
[BlackTitle "FM"]
[WhiteElo "2497"]
[BlackElo "2240"]
[WhiteFideId "5018226"]
[BlackFideId "5013232"]
[EventDate "2018.01.18"]

1. c4 c6 2. Nf3 d5 3. e3 Nf6 4. Nc3 e6 5. Qc2 Nbd7 6. b3 Bd6 7. Bb2 Qe7 8. Be2
Ba3 9. Bxa3 Qxa3 10. d4 O-O 11. O-O Qe7 12. Rfd1 b6 13. Rac1 Bb7 14. Na4 dxc4
15. bxc4 c5 16. Qb3 cxd4 17. exd4 Rac8 18. Nc3 Nb8 19. Nb5 Nc6 20. Qe3 Rfd8 21.
h3 Kf8 22. Bd3 h6 23. Bb1 a6 24. Na3 Rd7 25. Rc3 b5 26. Rcc1 b4 27. Nc2 Rdc7 28.
c5 a5 29. Qd3 Rd8 30. Ne3 Rcd7 31. Qc4 g6 32. Rd2 Kg7 33. Rcd1 Rc7 34. Bc2 Nd5
35. Nxd5 Rxd5 36. Be4 Rd8 37. Qc2 f5 38. d5 exd5 39. Bxd5 Rcd7 40. Bxc6 Rxd2 41.
Rxd2 Rxd2 42. Qxd2 Bxc6 43. Qd4+ Qf6 44. Ne5 Kh7 45. Qd6 Qxd6 46. cxd6 a4 47.
Nxc6 b3 48. axb3 axb3 49. d7 b2 50. d8=Q b1=Q+ 51. Kh2 1-0

[Event "10th Chennai Open 2018"]
[Site "Chennai IND"]
[Date "2018.01.22"]
[Round "7.11"]
[White "Dzhumaev, Marat"]
[Black "Ajay, Karthikeyan"]
[Result "1-0"]
[WhiteTitle "GM"]
[WhiteElo "2434"]
[BlackElo "2224"]
[WhiteFideId "14200236"]
[BlackFideId "35011685"]
[EventDate "2018.01.18"]

1. e4 d6 2. d4 Nf6 3. Nc3 g6 4. Nf3 Bg7 5. Be2 O-O 6. O-O Bg4 7. Be3 Nc6 8. d5
Bxf3 9. Bxf3 Ne5 10. Be2 c6 11. f4 Ned7 12. dxc6 bxc6 13. Qd3 Qc7 14. Rad1 Rab8
15. b3 Qa5 16. Kh1 Nc5 17. Qd2 Rfd8 18. a3 Ng4 19. Bd4 e5 20. Bg1 exf4 21. b4
Qxa3 22. Nb1 Nxe4 23. Qxf4 Qxb4 24. Qxf7+ Kh8 25. Bxg4 Rb7 26. Qf4 a5 27. c3
Nxc3 28. Bd4 Bxd4 29. Rxd4 Qxb1 30. Qf6+ Kg8 31. Be6+ 1-0

[Event "10th Chennai Open 2018"]
[Site "Chennai IND"]
[Date "2018.01.22"]
[Round "7.12"]
[White "Nitin, S."]
[Black "Ram, S. Krishnan"]
[Result "1-0"]
[WhiteTitle "IM"]
[WhiteElo "2422"]
[BlackElo "2223"]
[WhiteFideId "5018277"]
[BlackFideId "5010519"]
[EventDate "2018.01.18"]

1. e4 e6 2. d4 d5 3. Nc3 Nf6 4. Bg5 dxe4 5. Nxe4 Nbd7 6. Nf3 h6 7. Nxf6+ Nxf6 8.
Bh4 a6 9. Bc4 b5 10. Bb3 Bb7 11. Qe2 Be7 12. c3 O-O 13. O-O Ne4 14. Bc2 Nxc3 15.
bxc3 Bxh4 16. Ne5 Bf6 17. Qd3 Re8 18. Qh7+ Kf8 19. f4 Ke7 20. Rae1 c5 21. Qd3
cxd4 22. cxd4 Kf8 23. f5 Qd5 24. Qd2 Bg5 25. Qb4+ Be7 26. Qd2 Bc5 27. Nf3 Rad8
28. Be4 Qxe4 29. Rxe4 Bxe4 30. Qe3 Bxf3 31. dxc5 Bd5 32. f6 e5 33. c6 Bc4 34. c7
Rc8 35. Rf3 Rxc7 36. Qa3+ Kg8 37. Rg3 Rc6 38. Rxg7+ Kh8 39. Qf3 Rd6 40. h4 Rg8
41. Rxg8+ Kxg8 42. Qg3+ Kf8 43. Qxe5 Re6 44. Qb8+ Re8 45. Qd6+ Kg8 46. Qg3+ 1-0

[Event "10th Chennai Open 2018"]
[Site "Chennai IND"]
[Date "2018.01.22"]
[Round "7.13"]
[White "Harikrishnan, A. Ra"]
[Black "Llaneza Vega, Marcos"]
[Result "0-1"]
[BlackTitle "IM"]
[WhiteElo "2222"]
[BlackElo "2421"]
[WhiteFideId "5081483"]
[BlackFideId "2253585"]
[EventDate "2018.01.18"]

1. e4 d6 2. d4 Nf6 3. Nc3 e5 4. dxe5 dxe5 5. Qxd8+ Kxd8 6. Bg5 Be6 7. O-O-O+ Nd7
8. Bxf6+ gxf6 9. g3 Bc5 10. f3 c6 11. Kb1 Kc7 12. Bh3 b5 13. Bf5 Nb6 14. Nce2
Rad8 15. Nh3 Nc4 16. Bxe6 fxe6 17. Nc1 Rxd1 18. Rxd1 Rd8 19. Nd3 Be3 20. Re1 Bd2
21. Re2 Bh6 22. b3 Nd2+ 23. Kb2 Kb6 24. f4 Nf1 25. b4 exf4 26. Nhxf4 Rd6 27. Kc3
e5 28. Re1 Nxh2 29. Ne2 Nf3 30. Rh1 Bd2+ 31. Kb3 Be3 32. Kb2 h6 33. a4 bxa4 34.
Ka3 Nd4 35. Nxd4 Rxd4 36. Re1 Bg5 37. Kxa4 a5 38. Kb3 axb4 39. Nb2 Kb5 40. Na4
c5 0-1

[Event "10th Chennai Open 2018"]
[Site "Chennai IND"]
[Date "2018.01.22"]
[Round "7.14"]
[White "Arjun, Kalyan"]
[Black "Tiwari, Arjun"]
[Result "1/2-1/2"]
[WhiteElo "2407"]
[BlackElo "2179"]
[WhiteFideId "35018701"]
[BlackFideId "5011337"]
[EventDate "2018.01.18"]

1. e4 c5 2. Nf3 Nc6 3. d4 cxd4 4. Nxd4 e5 5. Nb5 d6 6. c4 Be7 7. N1c3 a6 8. Na3
f5 9. exf5 Bxf5 10. Nc2 Nf6 11. Ne3 Be6 12. g3 O-O 13. Bg2 Rc8 14. O-O b5 15.
cxb5 axb5 16. Ncd5 Nd4 17. b3 Kh8 18. Bb2 Nc2 19. Rc1 Nxe3 20. Nxe3 Rxc1 21.
Qxc1 Qa5 22. Qb1 Ng4 23. Nxg4 Bxg4 24. a3 Be2 25. Qe1 Qxe1 26. Rxe1 Bf3 27. Bf1
Bd8 28. Bc1 Bb6 29. Be3 Bxe3 30. fxe3 Ra8 31. Ra1 b4 32. a4 Bd5 33. Bg2 e4 34.
a5 Bxb3 35. Bxe4 d5 36. Bd3 g6 37. Rb1 Ba2 38. Rxb4 Rxa5 39. Kf2 Ra7 40. Ke1 Kg7
41. Kd2 Kf6 42. Kc3 Ke5 43. Kb2 Kd6 44. Kc3 Ke5 45. Kb2 Kd6 46. Rb6+ Kc5 47.
Rb5+ Kd6 48. Rb4 Kc5 49. Rb5+ Kd6 50. Rb4 Ke5 1/2-1/2

[Event "10th Chennai Open 2018"]
[Site "Chennai IND"]
[Date "2018.01.22"]
[Round "7.15"]
[White "Rathnakaran, K."]
[Black "Harshavardhan, G B"]
[Result "1/2-1/2"]
[WhiteTitle "IM"]
[WhiteElo "2372"]
[BlackElo "2107"]
[WhiteFideId "5005507"]
[BlackFideId "25059009"]
[EventDate "2018.01.18"]

1. e4 c5 2. Nf3 e6 3. d4 cxd4 4. Nxd4 a6 5. c4 Nf6 6. Bd3 Nc6 7. Nxc6 dxc6 8.
O-O e5 9. Nc3 Be7 10. Qe2 O-O 11. h3 b5 12. a4 b4 13. Nd1 Bc5 14. Bg5 h6 15. Bh4
Be7 16. Bg3 Nd7 17. Ne3 Nc5 18. Rad1 Qa5 19. Bb1 Nxa4 20. Nf5 Bxf5 21. exf5 Bf6
22. Rd6 Qc5 23. Rxf6 gxf6 24. Bh4 Qe7 25. Bc2 b3 26. Qe3 bxc2 27. Qxh6 Rfd8 28.
Bxf6 Qxf6 29. Qxf6 Rd1 30. Qg5+ Kf8 31. f6 Ke8 32. Qg8+ Kd7 33. Qxf7+ 1/2-1/2

[Event "10th Chennai Open 2018"]
[Site "Chennai IND"]
[Date "2018.01.22"]
[Round "7.16"]
[White "Saravana, Krishnan P."]
[Black "Barath, Kalyan M"]
[Result "1-0"]
[WhiteElo "2323"]
[BlackElo "2022"]
[WhiteFideId "5018382"]
[BlackFideId "25016555"]
[EventDate "2018.01.18"]

1. e4 c5 2. Nf3 e6 3. g3 Nc6 4. Bg2 Nge7 5. O-O Ng6 6. Re1 Be7 7. c3 O-O 8. d4
cxd4 9. cxd4 d6 10. Nc3 e5 11. d5 Nb8 12. Be3 f5 13. exf5 Bxf5 14. Qb3 b6 15. h4
Nd7 16. Ng5 Nc5 17. Bxc5 bxc5 18. Ne6 Bxe6 19. dxe6 Rb8 20. Qc2 Bxh4 21. gxh4
Qxh4 22. Re3 Nf4 23. Rg3 Rf6 24. Nd5 Rh6 25. Nxf4 Qh2+ 26. Kf1 exf4 27. Rb3 Re8
28. Qf5 Rf6 29. Qxf6 gxf6 30. Rh3 Qxh3 31. Bxh3 Kf8 32. Ke2 Ke7 33. Rg1 Kf8 34.
Bf5 Rb8 35. b3 Rb7 36. Rh1 Kg8 37. Bxh7+ Kg7 38. Bf5 Rb6 39. Rh7+ Kg8 40. Rd7
Ra6 41. Bh7+ Kh8 42. e7 Rxa2+ 43. Kf3 Rb2 44. e8=Q# 1-0

[Event "10th Chennai Open 2018"]
[Site "Chennai IND"]
[Date "2018.01.22"]
[Round "7.17"]
[White "Rajarishi, Karthi"]
[Black "Gareyev, Timur"]
[Result "0-1"]
[WhiteTitle "CM"]
[BlackTitle "GM"]
[WhiteElo "2050"]
[BlackElo "2605"]
[WhiteFideId "5092523"]
[BlackFideId "14200937"]
[EventDate "2018.01.18"]

1. d4 Nf6 2. c4 e6 3. Nc3 Bb4 4. f3 d5 5. a3 Bd6 6. cxd5 Nxd5 7. Ne4 Be7 8. Nf2
O-O 9. e4 Nb6 10. Be3 Nc6 11. Bb5 Bd7 12. Ne2 Ne5 13. Bxd7 Nec4 14. Bc1 Qxd7 15.
b3 Na5 16. Bd2 Nc6 17. Bc3 Rad8 18. Qc2 f5 19. O-O fxe4 20. fxe4 Bg5 21. Qd3 Qe7
22. a4 a5 23. Qh3 Rf6 24. Nd3 Rh6 25. Qf3 Rf6 26. Qh3 Rh6 27. Qf3 Nd7 28. Qg3
Rh4 29. Nef4 Nf8 30. d5 Nb4 31. Nxb4 Bxf4 32. Rxf4 Rxf4 33. d6 Qf7 34. Nd3 Ng6
35. dxc7 Qxc7 36. Nxf4 Nxf4 37. Kh1 Rd3 38. Bxa5 Qe5 39. Qe1 Rxb3 40. Rc1 Nd3
41. Rc8+ Kf7 42. Qf1+ Kg6 43. Bd2 Qxe4 44. h3 Rb1 45. Bc1 Qf5 46. Qg1 h5 47. Qe3
Kh7 48. Kh2 e5 49. Rc7 Rxc1 50. Rxc1 Nxc1 51. Qxc1 Qf4+ 52. Qxf4 exf4 53. g3 g5
54. gxf4 gxf4 0-1

[Event "10th Chennai Open 2018"]
[Site "Chennai IND"]
[Date "2018.01.22"]
[Round "7.18"]
[White "Rohith, Krishna S"]
[Black "Tran, Tuan Minh"]
[Result "0-1"]
[WhiteTitle "CM"]
[BlackTitle "GM"]
[WhiteElo "2139"]
[BlackElo "2548"]
[WhiteFideId "46617051"]
[BlackFideId "12401820"]
[EventDate "2018.01.18"]

1. d4 Nf6 2. Nf3 b6 3. g3 Bb7 4. Bg2 c5 5. c3 e6 6. O-O Be7 7. b3 O-O 8. Bb2 b5
9. Nbd2 a5 10. a4 b4 11. c4 cxd4 12. Nxd4 Qc8 13. e4 d6 14. Qe2 Nbd7 15. Rfe1
Nc5 16. Rad1 Nfd7 17. h3 Qd8 18. Kh2 Qb6 19. f4 Bf6 20. Nf1 Be7 21. Qe3 Rfe8 22.
g4 e5 23. Nf5 Bf8 24. fxe5 dxe5 25. N1g3 Rad8 26. g5 Qc7 27. h4 Ne6 28. Qf3 Ndc5
29. Nh5 Nd4 30. Qg3 Qc6 31. Bxd4 exd4 32. Nxd4 Qb6 33. Nf5 Kh8 34. Rxd8 Qxd8 35.
Nf4 Nxe4 36. Bxe4 Rxe4 37. Qd3 Qxd3 38. Nxd3 g6 39. Nh6 Bd6+ 40. Kh3 Kg7 41. Ng4
Rd4 42. Ndf2 Rf4 43. Re3 Bc8 44. Re8 Rxf2 45. Rxc8 Rf3+ 46. Kg2 Rg3+ 47. Kf2
Rxg4 48. c5 Be5 49. c6 Rxh4 50. Re8 Rf4+ 51. Ke3 Rf5 52. Ke4 Bg3 53. Kd4 Rxg5
54. Rd8 h5 55. Kc4 h4 56. Rd1 h3 57. Rh1 h2 58. Rd1 Bc7 0-1

[Event "10th Chennai Open 2018"]
[Site "Chennai IND"]
[Date "2018.01.22"]
[Round "7.19"]
[White "Horvath, Adam1"]
[Black "Thanki, Hemal Karsanji"]
[Result "1-0"]
[WhiteTitle "GM"]
[WhiteElo "2484"]
[BlackElo "2101"]
[WhiteFideId "708003"]
[BlackFideId "5024927"]
[EventDate "2018.01.18"]

1. e4 e6 2. d4 d5 3. Nd2 Nc6 4. Ngf3 Nf6 5. e5 Nd7 6. Bd3 f6 7. exf6 Qxf6 8. Nf1
Bd6 9. Ne3 Nb4 10. Be2 c5 11. c4 O-O 12. dxc5 Bxc5 13. a3 d4 14. Ng4 Qf5 15.
axb4 Bxb4+ 16. Bd2 Bxd2+ 17. Nxd2 h5 18. O-O hxg4 19. Bxg4 Qg6 20. Ra3 Rf4 21.
Bh3 Ne5 22. Re1 Nc6 23. Rg3 Qh6 24. c5 Bd7 25. Qb3 Re8 26. Qxb7 Rf7 27. Ne4 Nd8
28. Qb4 Ref8 29. Qxd4 Bc6 30. f3 Rf4 31. Rg4 Bd5 32. Rxf4 Rxf4 33. Qd1 Nc6 34.
Nc3 Bxf3 35. Qd6 Nd4 36. Rxe6 Qg5 37. Re5 Qh4 38. Be6+ Kh7 39. g3 Rg4 40. Bxg4
Qxg4 41. Re4 Ne2+ 42. Rxe2 Bxe2 43. Qf4 Qh5 44. Qe4+ g6 45. Qe7+ Kh6 46. Nxe2
Qd5 47. Qh4+ 1-0

[Event "10th Chennai Open 2018"]
[Site "Chennai IND"]
[Date "2018.01.22"]
[Round "7.20"]
[White "Divya, Deshmukh"]
[Black "Khusenkhojaev, Muhammad"]
[Result "0-1"]
[WhiteTitle "WFM"]
[BlackTitle "IM"]
[WhiteElo "2118"]
[BlackElo "2462"]
[WhiteFideId "35006916"]
[BlackFideId "14700247"]
[EventDate "2018.01.18"]

1. d4 Nf6 2. Bg5 e6 3. e4 h6 4. Bxf6 Qxf6 5. Nf3 b6 6. Bd3 Bb7 7. Nbd2 c5 8. c3
Nc6 9. d5 Ne5 10. Nxe5 Qxe5 11. Nf3 Qc7 12. dxe6 dxe6 13. Bb5+ Ke7 14. Qe2 a6
15. Ba4 g6 16. O-O Bg7 17. Rad1 Rhd8 18. Bc2 Rxd1 19. Rxd1 Rd8 20. Rxd8 Qxd8 21.
a4 Qd7 22. Qc4 Qd6 23. Ne1 f5 24. exf5 gxf5 25. Nd3 Qd5 26. Qh4+ Bf6 27. Qg3 Kd7
28. Nf4 Qd2 29. Qd3+ Qxd3 30. Bxd3 Kd6 31. Bc4 e5 32. Nh5 Bg5 33. Ng7 Bc8 34. f3
Bc1 35. b3 e4 36. Kf2 Bd2 37. Ne8+ Ke5 38. g3 exf3 39. Kxf3 Bxc3 40. Nc7 Bb7+
41. Ke2 a5 42. Ne6 Bd5 43. Bxd5 Kxd5 44. Nf4+ Ke4 45. Ne6 Be5 46. Nf8 f4 47.
gxf4 Bxf4 48. h3 Bc7 49. Ng6 c4 50. Kd2 cxb3 51. Kc3 Kf3 52. Kxb3 Kg3 53. h4 Kg4
54. Kc4 Kh5 55. Ne7 Kxh4 56. Nd5 Bd8 57. Kb5 h5 58. Nxb6 Bxb6 59. Kxb6 Kg4 60.
Kxa5 h4 61. Kb6 h3 62. a5 h2 63. a6 h1=Q 0-1

[Event "10th Chennai Open 2018"]
[Site "Chennai IND"]
[Date "2018.01.23"]
[Round "8.1"]
[White "Tukhaev, Adam"]
[Black "Rozum, Ivan"]
[Result "0-1"]
[WhiteTitle "GM"]
[BlackTitle "GM"]
[WhiteElo "2570"]
[BlackElo "2595"]
[WhiteFideId "14109476"]
[BlackFideId "24104272"]
[EventDate "2018.01.18"]

1. g3 d5 2. Nf3 Nd7 3. d4 e6 4. Bg2 b5 5. O-O Ngf6 6. b3 Bb7 7. c4 bxc4 8. bxc4
dxc4 9. Na3 Bd5 10. Qa4 c6 11. Ne5 Nb6 12. Bxd5 Qxd5 13. Qa6 Be7 14. Qb7 c5 15.
Nc6 Qd7 16. Qxd7+ Nfxd7 17. e4 a6 18. d5 Bf6 19. Rb1 exd5 20. exd5 O-O 21. Rd1
c3 22. Nc2 Rac8 23. Be3 Rfe8 24. Rb3 h6 25. Ra3 Ra8 26. Rb3 Rac8 27. Ra3 Ra8 28.
Rb3 Rec8 29. Na5 Ra7 30. Nc6 Raa8 31. Na5 Na4 32. Rb7 Nb2 33. Rxd7 Nxd1 34. Nc6
Rab8 35. Nxb8 Nxe3 36. Nxe3 Rxb8 37. Rc7 Bd4 38. d6 Bxe3 39. d7 Bg5 40. Rc8+ Kh7
41. Rxb8 c2 0-1

[Event "10th Chennai Open 2018"]
[Site "Chennai IND"]
[Date "2018.01.23"]
[Round "8.2"]
[White "Deepan, Chakkravarthy J."]
[Black "Laxman, R.R."]
[Result "0-1"]
[WhiteTitle "GM"]
[BlackTitle "GM"]
[WhiteElo "2475"]
[BlackElo "2434"]
[WhiteFideId "5011132"]
[BlackFideId "5005361"]
[EventDate "2018.01.18"]

1. Nf3 Nf6 2. c4 e6 3. b3 a6 4. e3 d5 5. Bb2 c5 6. Be2 Nc6 7. cxd5 exd5 8. d4
cxd4 9. Nxd4 Bb4+ 10. Bc3 Bd6 11. Nd2 Ne5 12. h3 O-O 13. Bb2 Re8 14. O-O Ng6 15.
Bd3 Nh4 16. Rc1 Ne4 17. f4 Nc5 18. Bb1 Rxe3 19. Rxc5 Rg3 20. Rxd5 Nxg2 21. Rf3
Ne3+ 22. Rxg3 Nxd1 23. Rxg7+ Kf8 24. Rdg5 Qc7 25. f5 Nxb2 26. Ne4 Qc1+ 27. Kg2
Qxb1 28. Nxd6 Ke7 29. Nxf7 Qe4+ 30. Nf3 Qc2+ 31. Kg3 b5 32. N7e5+ Kd6 33. Rf7
Nd1 34. Ng4 Qxa2 35. Rxh7 Qxb3 36. Rg6+ Kc5 37. Rc7+ Kb4 38. Rd6 Bxf5 39. Rc1
Bxg4 40. hxg4 Rf8 0-1

[Event "10th Chennai Open 2018"]
[Site "Chennai IND"]
[Date "2018.01.23"]
[Round "8.3"]
[White "Dzhumaev, Marat"]
[Black "Tiviakov, Sergei"]
[Result "1-0"]
[WhiteTitle "GM"]
[BlackTitle "GM"]
[WhiteElo "2434"]
[BlackElo "2584"]
[WhiteFideId "14200236"]
[BlackFideId "1008013"]
[EventDate "2018.01.18"]

1. f4 d5 2. g3 Nf6 3. Nf3 g6 4. Bg2 Bg7 5. O-O O-O 6. d3 c5 7. Qe1 Nc6 8. e4
dxe4 9. dxe4 e5 10. Nc3 Nd4 11. Rf2 Nxf3+ 12. Bxf3 Re8 13. f5 gxf5 14. Bg5 Bd7
15. Rd1 Qc8 16. Bxf6 Bxf6 17. Bg4 fxg4 18. Rxf6 Re6 19. Qf2 Bc6 20. Rxf7 Qe8 21.
Rf1 Rd8 22. Qf5 Rg6 23. Nd5 Bxd5 24. exd5 e4 25. d6 Rg7 26. Rxg7+ Kxg7 27. Qf6+
Kg8 28. Rf5 1-0

[Event "10th Chennai Open 2018"]
[Site "Chennai IND"]
[Date "2018.01.23"]
[Round "8.4"]
[White "Nitin, S."]
[Black "Sivuk, Vitaly"]
[Result "1/2-1/2"]
[WhiteTitle "IM"]
[BlackTitle "GM"]
[WhiteElo "2422"]
[BlackElo "2550"]
[WhiteFideId "5018277"]
[BlackFideId "14116502"]
[EventDate "2018.01.18"]

1. e4 e6 2. d4 d5 3. Nc3 Bb4 4. e5 Ne7 5. a3 Bxc3+ 6. bxc3 c5 7. h4 Qc7 8. h5 h6
9. Bd2 b6 10. Qg4 Kf8 11. Bd3 Ba6 12. Nf3 Bxd3 13. cxd3 Nbc6 14. O-O Kg8 15.
dxc5 Nxe5 16. Nxe5 Qxe5 17. cxb6 axb6 18. Rfe1 Qf5 19. Qxf5 Nxf5 20. Reb1 Ra6
21. g4 Nd6 22. Be3 Nc8 23. f4 Kh7 24. Kf2 Rd8 25. Bd4 f6 26. Rb5 Rd7 27. a4 Rda7
28. Re1 Re7 29. Rb4 Ra5 30. Bxb6 Nxb6 31. Rxb6 Rxa4 32. Rexe6 Rxe6 33. Rxe6
Rxf4+ 34. Kg3 Rf1 35. Rd6 Rc1 36. Rxd5 Rxc3 37. Rd8 Rc1 38. d4 Rf1 39. d5 f5 40.
gxf5 Rxf5 41. Kg4 Rg5+ 42. Kh4 g6 43. Rd7+ Kg8 44. hxg6 Rxg6 45. Kh5 Rg1 46. d6
Kf8 47. Rh7 Ke8 48. Kxh6 Rh1+ 49. Kg6 Rxh7 50. Kxh7 Kd7 51. Kg6 Kxd6 1/2-1/2

[Event "10th Chennai Open 2018"]
[Site "Chennai IND"]
[Date "2018.01.23"]
[Round "8.5"]
[White "Llaneza Vega, Marcos"]
[Black "Atalik, Suat"]
[Result "1/2-1/2"]
[WhiteTitle "IM"]
[BlackTitle "GM"]
[WhiteElo "2421"]
[BlackElo "2538"]
[WhiteFideId "2253585"]
[BlackFideId "14401487"]
[EventDate "2018.01.18"]

1. e4 e5 2. Nf3 Nc6 3. Nc3 Nf6 4. Bb5 Bb4 5. O-O O-O 6. d3 Bxc3 7. bxc3 d6 8.
Re1 Bd7 9. Bg5 h6 10. Bh4 Ne7 11. Bxd7 Nxd7 12. d4 f6 13. Qd3 Rf7 14. Rad1 Qe8
15. Nd2 Nb6 16. Nf1 Qa4 17. Ra1 c5 18. dxc5 dxc5 19. Ne3 Ng6 20. Nf5 Nf4 21. Qg3
Kh7 22. Qg4 Nc4 23. Bg3 Ng6 24. h4 Rd8 25. Rad1 Rdd7 26. Rd5 Rxd5 27. exd5 Qxc2
28. h5 Nf8 29. Nxh6 Qxc3 30. Nxf7 Qxe1+ 31. Kh2 Nd2 32. Qc8 Qe2 33. Qf5+ Kg8 34.
Nd6 c4 35. h6 gxh6 36. Ne8 Nf1+ 37. Kh3 Nxg3 38. Nxf6+ Kg7 39. fxg3 c3 40. Ne4
Nh7 41. Qxe5+ Kg6 42. Qe8+ Kg7 43. Qd7+ Kg6 44. Qe6+ Kg7 45. Qe7+ Kg6 1/2-1/2

[Event "10th Chennai Open 2018"]
[Site "Chennai IND"]
[Date "2018.01.23"]
[Round "8.6"]
[White "Pruijssers, Roeland"]
[Black "Muthaiah, AL"]
[Result "1/2-1/2"]
[WhiteTitle "GM"]
[WhiteElo "2536"]
[BlackElo "2291"]
[WhiteFideId "1013068"]
[BlackFideId "5092442"]
[EventDate "2018.01.18"]

1. e4 c5 2. Nf3 e6 3. d4 cxd4 4. Nxd4 a6 5. Bd3 Bc5 6. Nb3 Be7 7. O-O d6 8. Qg4
g6 9. Qe2 Nd7 10. a4 b6 11. Na3 Ne5 12. Nc4 Nxc4 13. Bxc4 Bb7 14. Bd3 Qc7 15. c4
Nf6 16. a5 O-O 17. axb6 Qxb6 18. Na5 Rfb8 19. Be3 Qc7 20. Bd2 Nd7 21. b4 Bf6 22.
Rac1 Ne5 23. f4 Nc6 24. Nxc6 Bxc6 25. f5 Qa7+ 26. c5 dxc5 27. Kh1 exf5 28. exf5
Re8 29. Qg4 Qd7 30. Qg3 Be5 31. Bf4 Bxf4 32. Rxf4 Bb5 33. Bxb5 axb5 34. bxc5 Qd2
35. Rcf1 Ra3 36. Qh4 Ra2 37. Qg4 h5 38. Qf3 Re3 39. Qb7 g5 40. f6 gxf4 41. Qc8+
Kh7 42. Qf5+ Kh6 43. Qxf4+ Kg6 44. Qf5+ Kh6 45. Qf4+ 1/2-1/2

[Event "10th Chennai Open 2018"]
[Site "Chennai IND"]
[Date "2018.01.23"]
[Round "8.8"]
[White "Karthik, Venkataraman"]
[Black "Sidhant, Mohapatra"]
[Result "1/2-1/2"]
[WhiteTitle "FM"]
[BlackTitle "IM"]
[WhiteElo "2476"]
[BlackElo "2382"]
[WhiteFideId "25006479"]
[BlackFideId "5028698"]
[EventDate "2018.01.18"]

1. d3 d5 2. Nf3 Nf6 3. Nbd2 Nc6 4. e4 e5 5. Be2 Bc5 6. O-O O-O 7. h3 Re8 8. c3
a5 9. a4 Ba7 10. exd5 Qxd5 11. Ne4 Nxe4 12. dxe4 Qxd1 13. Rxd1 f6 14. Bc4+ Be6
15. Bxe6+ Rxe6 16. Kf1 Rd8 17. Rxd8+ Nxd8 18. Nd2 Rc6 19. Nb3 Bb6 20. Ke2 Kf7
21. Be3 Bxe3 22. Kxe3 b6 23. g3 Ne6 24. h4 Nc5 25. Nxc5 Rxc5 26. Kd3 Rc6 27. b4
Ke6 28. bxa5 bxa5 29. Rb1 Rd6+ 30. Ke3 Rc6 31. Kd3 1/2-1/2

[Event "10th Chennai Open 2018"]
[Site "Chennai IND"]
[Date "2018.01.23"]
[Round "8.9"]
[White "Visakh, N R"]
[Black "Saravana, Krishnan P."]
[Result "1-0"]
[WhiteTitle "IM"]
[WhiteElo "2457"]
[BlackElo "2323"]
[WhiteFideId "25012223"]
[BlackFideId "5018382"]
[EventDate "2018.01.18"]

1. d4 d5 2. c4 c6 3. Nf3 Nf6 4. e3 Bf5 5. Nc3 e6 6. Nh4 Be4 7. f3 Bg6 8. Qb3 Qb6
9. Nxg6 hxg6 10. g3 Nbd7 11. Kf2 Be7 12. Kg2 Qc7 13. cxd5 exd5 14. e4 Nb6 15. e5
Nh7 16. Be3 Qd7 17. a4 Qe6 18. a5 Nd7 19. Bd3 O-O 20. Ne2 Bg5 21. Bxg5 Nxg5 22.
h4 Nh7 23. Nf4 Qe7 24. e6 fxe6 25. Nxg6 Qf6 26. Nxf8 Nhxf8 27. Rad1 Rb8 28. Qc3
e5 29. dxe5 Nxe5 30. f4 Ng4 31. Qxf6 Nxf6 32. Rde1 a6 33. b4 b6 34. Bxa6 bxa5
35. bxa5 Ra8 36. Bb7 Rxa5 37. Bxc6 Ra2+ 38. Kh3 Ra3 39. Ra1 Rc3 40. Rhc1 Rb3 41.
Ra8 Kf7 42. f5 g6 43. Rca1 Re3 44. R1a7+ Re7 45. Rxe7+ Kxe7 46. Ra7+ Kd6 47. Rf7 1-0

[Event "10th Chennai Open 2018"]
[Site "Chennai IND"]
[Date "2018.01.23"]
[Round "8.10"]
[White "Tran, Tuan Minh"]
[Black "Pranav, V"]
[Result "1-0"]
[WhiteTitle "GM"]
[WhiteElo "2548"]
[BlackElo "2275"]
[WhiteFideId "12401820"]
[BlackFideId "25060783"]
[EventDate "2018.01.18"]

1. c4 e5 2. Nc3 Nc6 3. g3 Bc5 4. Bg2 Nf6 5. a3 a5 6. e3 O-O 7. Nge2 d6 8. d4
exd4 9. exd4 Ba7 10. h3 Re8 11. O-O h6 12. Qd3 Be6 13. Be3 Qc8 14. Nf4 Bf5 15.
Qd1 Be4 16. Nh5 Nxh5 17. Nxe4 Qf5 18. g4 Qh7 19. Qf3 Nf6 20. Nxf6+ gxf6 21. Qxf6
Re6 22. Qf4 Qg7 23. Rad1 Rae8 24. Kh1 Rf6 25. Qg3 Rg6 26. c5 dxc5 27. dxc5 Qxb2
28. Rb1 Qxa3 29. Rxb7 Bxc5 30. Qxc7 Rf6 31. g5 hxg5 32. Bxg5 Rxf2 33. Qxc6 Rxf1+
34. Bxf1 Re6 35. Qg2 Rg6 36. Qd5 Re6 37. Qf5 Be7 38. Bxe7 Rxe7 39. Qg5+ Kf8 40.
Qh6+ Ke8 41. Qh8# 1-0

[Event "10th Chennai Open 2018"]
[Site "Chennai IND"]
[Date "2018.01.23"]
[Round "8.11"]
[White "Gareyev, Timur"]
[Black "Singh, S. Vikramjit"]
[Result "1-0"]
[WhiteTitle "GM"]
[WhiteElo "2605"]
[BlackElo "2227"]
[WhiteFideId "14200937"]
[BlackFideId "5006090"]
[EventDate "2018.01.18"]

1. g3 Nf6 2. b3 d5 3. Bb2 c5 4. Bg2 Nc6 5. f4 g6 6. Nf3 Bg7 7. Ne5 O-O 8. Nxc6
bxc6 9. O-O c4 10. Nc3 Ba6 11. Kh1 d4 12. Na4 Bb5 13. Nc5 Nd7 14. Ba3 Re8 15. d3
cxb3 16. axb3 a5 17. Qd2 Nxc5 18. Bxc5 a4 19. bxa4 Rxa4 20. Rxa4 Bxa4 21. Ra1
Bb5 22. Qa5 Qd7 23. Qa7 Qf5 24. Be4 Qh5 25. Bf3 Qf5 26. Bxd4 Bxd4 27. Qxd4 c5
28. Qe5 Qxe5 29. fxe5 c4 30. Ra5 Rb8 31. d4 Kg7 32. Ra7 e6 33. Kg2 Rd8 34. c3 h5
35. Kf2 Rd7 36. Ra5 1-0